|
|
|
|
| LEADER |
00000nab a2200000 a 4500 |
| 001 |
vtls009336843 |
| 003 |
SK-MaSNL |
| 005 |
20260426104246.0 |
| 008 |
250506c2008 xo zr|p|||||||000 b|slo |
| 015 |
|
|
|a SNBRB2008/09
|2 snkbucl
|
| 035 |
|
|
|a (uuid)1628238e-f855-4ede-9708-ffc321b3bcd5
|
| 035 |
|
|
|a urn:nbn:sk:snk-abad4i
|
| 035 |
|
|
|a (urnnbn)urn:nbn:sk:snk:ar-008eu0
|
| 038 |
|
|
|a SNKBUCL
|
| 040 |
|
|
|a SNKBUCL
|b slo
|c SNKBUCL
|e AACR2
|
| 041 |
0 |
|
|a slo
|
| 044 |
|
|
|a xo
|c SK
|
| 080 |
|
|
|a 69:331.46:614.8
|x (437.6)
|2 2001
|
| 080 |
|
|
|a 614.8:69
|x (437.6)
|2 2001
|
| 080 |
|
|
|a 331.46:69
|x (437.6)
|2 2001
|
| 100 |
1 |
|
|a Kucová, Iveta
|4 aut
|9 1606683
|
| 245 |
1 |
0 |
|a BOZP z pohľadu OZ Stavba SR
|c Iveta Kucová
|
| 300 |
|
|
|b Grafy, tab.
|
| 650 |
0 |
7 |
|a stavebníctvo
|2 snkbucl
|9 726
|
| 650 |
0 |
7 |
|a pracovné úrazy
|2 snkbucl
|9 1713
|
| 650 |
0 |
7 |
|a bezpečnosť a ochrana zdravia pri práci
|2 snkbucl
|9 31567
|
| 651 |
|
7 |
|a Slovensko
|2 snkbucl
|9 14231
|
| 773 |
0 |
|
|t Eurostav
|g Roč. 14, č. 6 (2008), s. 104-107
|x 1335-1249
|
| 850 |
|
|
|a Slovenská národná knižnica
|
| 852 |
|
|
|a Slovenská národná knižnica
|
| 954 |
|
|
|a odborná, vedecká literatúra pôvodná (slovenská)
|2 lita
|
| 958 |
|
|
|a article14
|
| 958 |
|
|
|a OND
|
| 958 |
|
|
|a SK
|
| 958 |
|
|
|a EUIPO
|
| 999 |
|
|
|c 3311049
|d 3312979
|